000 00763nam a2200265Ia 4500
003 OSt
005 20220912151456.0
006 a|||||r|||| 00| 0
007 ta
008 220909b |||||||| |||| 00| 0 eng d
024 _a21892
037 _cTextual
040 _aCSL
_beng
_cCSL
041 _aeng
082 _aB313N, L42
100 _aKreisel G
245 0 _aFormally self-referential propositions for cut free classical analysis and related systems
260 _aWarezawa
_bPanstwowe Wydawnictwo Naukowe
_c1970
300 _a55p.
_ccm.
490 _aDissertationes mathematicae; 118
500 _aAppendix 44-48p
700 _a Takeuti G
942 _hB313N, L42
_cTEXL
_2CC
999 _c69356
_d69356